000 00690nam a2200205Ii 4500
003 JO-AjNU
008 230605s9999||||xx |||||||||||||| ||und||
017 _a1970/5653
040 _aJO-AjNU
_bara
_erda
_cJO-AjNU
041 _aara
050 1 4 _aPJ7814.S47.A19 1970
100 3 _aتأليف عاشور، نعمان ,
_eauthor
_957045
245 0 0 _aسر الكون كوميديا اجتماعية في ثلاثة فصول 
264 3 1 _aالقاهرة: الهيئة المصرية للكتاب ،1970
300 _a124ص
336 _atext
_btxt
_2rdacontent
337 _aunmediated
_bn
_2rdamedia
338 _avolume
_bnc
_2rdacarrier
650 4 _aمسرحيات عربية
_957046
999 _aA25540
_c29108
_d29108